[Event "III Open"]
[Site "Cattolica ITA"]
[Date "1992.06.??"]
[Round "?"]
[White "Maiwald, Jens-Uwe"]
[Black "Manca, Federico"]
[WhiteElo "2340"]
[BlackElo "2415"]
[Result "0-1"]
[PlyCount "94"]
[EventDate "1992.06.06"]

1. d4 Nf6 2. c4 c5 3. d5 b5 4. cxb5 a6 5. b6 g6 6. Nc3 Bg7 7. e4 d6 8. a4 Qxb6
9. a5 Qc7 10. Nf3 O-O 11. h3 Nbd7 12. Bc4 Rb8 13. Qe2 Qa7 14. O-O Rb4 15. Na4
Ne8 16. Bd2 Rb8 17. Bc3 Bxc3 18. bxc3 Qc7 19. Bxa6 Qxa5 20. Bxc8 Rxc8 21. Nd2
Nef6 22. Nc4 Qc7 23. f4 Ra8 24. Nab2 Ra7 25. Rxa7 Qxa7 26. Qf3 Qa8 27. g4 Qb7
28. Rf2 Qa8 29. Kg2 Kh8 30. Rd2 Qb8 31. e5 dxe5 32. Nxe5 Nxe5 33. fxe5 Qxe5 34.
Nc4 Qg5 35. d6 exd6 36. Rxd6 Kg7 37. Ne3 Re8 38. Nd1 Re1 39. Nf2 Re3 40. Rxf6
Rxf3 41. Rxf3 h5 42. Kf1 c4 43. Ke2 Qd5 44. Re3 f5 45. gxh5 g5 46. Re8 Kh7 47.
Ke3 Qf7 0-1

[Event "III Open"]
[Site "Cattolica ITA"]
[Date "1992.06.??"]
[Round "?"]
[White "Tolk, Pieter"]
[Black "Gipslis, Aivars"]
[WhiteElo "2300"]
[BlackElo "2465"]
[Result "0-1"]
[PlyCount "100"]
[EventDate "1992.06.06"]

1. d4 Nf6 2. c4 e6 3. Nc3 Bb4 4. Bg5 h6 5. Bh4 c5 6. d5 d6 7. e3 O-O 8. Nge2
exd5 9. cxd5 Nbd7 10. Qc2 Ne5 11. O-O-O Ng6 12. Bg3 Nh5 13. Ng1 a6 14. Nf3 b5
15. Kb1 f5 16. Ne2 Qf6 17. Bf4 Bd7 18. g3 Rac8 19. Nc1 Ne5 20. Bxe5 dxe5 21.
Be2 e4 22. Ng1 Qf7 23. Bxh5 Qxh5 24. Nge2 Qf7 25. h4 c4 26. Nf4 c3 27. b3 Bd6
28. Nce2 a5 29. Rd4 Be5 30. h5 Rfe8 31. Rhd1 Bxd4 32. Rxd4 Qf6 33. a3 Qd6 34.
Ka2 b4 35. a4 Rc5 36. Rd1 Rb8 37. Nd4 Rcc8 38. Rb1 Rc5 39. Rd1 Rcc8 40. Rb1 Qe5
41. Ra1 Rb6 42. Kb1 Be8 43. Ra2 Bf7 44. Qd1 Rd8 45. g4 fxg4 46. Qxg4 Bxd5 47.
Kc2 Rf6 48. Ra1 Rxf4 49. Qxf4 Qxf4 50. exf4 Bf7 0-1

[Event "III Open"]
[Site "Cattolica ITA"]
[Date "1992.06.??"]
[Round "?"]
[White "Kupreichik, Viktor D."]
[Black "Nikcevic, Nebojsa"]
[Result "1-0"]
[WhiteElo "2545"]
[BlackElo "2400"]
[PlyCount "55"]
[EventDate "1992.06.06"]

1. e4 c5 2. Nf3 Nc6 3. Nc3 Nf6 4. d4 cxd4 5. Nxd4 e5 6. Ndb5 d6 7. Bg5 a6 8.
Na3 b5 9. Nd5 Qa5+ 10. Bd2 Qd8 11. c4 Nxe4 12. cxb5 Be6 13. Bc4 Ne7 14. O-O
Nxd5 15. Bxd5 Bxd5 16. Ba5 Qxa5 17. Qxd5 Rc8 18. Qxe4 Be7 19. Qb7 Qc7 20. Qxc7
Rxc7 21. bxa6 Kd7 22. Nb5 Rc2 23. Rfc1 Rxb2 24. Rc7+ Ke6 25. Rb7 Kf6 26. Nc7
Rc8 27. Nd5+ Ke6 28. Rxb2 1-0